000 00303nam a22001337a 4500
008 170927b xxu||||| |||| 00| 0 eng d
020 _a942671000299
041 _aeng
080 _a37
100 _a47
101 _aEDU
245 _aTHE EVERYTHING FRENCH GRAMMAR BOOK
_cLAWLESS,L.K
942 _2udc
_cBK
999 _c30265
_d30265